| 000 | 00453nam a2200169Ia 4500 | ||
|---|---|---|---|
| 008 | 230125s9999 xx 000 0 und d | ||
| 041 | _aeng | ||
| 082 |
_a658.8 _bSIN |
||
| 100 |
_aSingh H H _9114683 |
||
| 245 | _aServices Marketing And Brand Management | ||
| 260 |
_c2003 _bNirali Prakashan _aPune |
||
| 300 | _a191p | ||
| 500 | _aBranding;Services marketing | ||
| 650 | _aMarketing management | ||
| 700 |
_aSingh H H _9114683 |
||
| 999 |
_c92603 _d92603 |
||